000 00439nam a2200193Ia 4500
008 210210b1945 xxu||||| |||| 00| 0 eng d
041 _aeng
082 _a544/130
100 _aOZA (T M)
245 _aOutlines of physical chemistry Part II
260 _aDharwar
_b-
_c1945
300 _a545
440 _a2
650 _aphysical
650 _aOutlines
650 _achemistry
690 _aPhysical Chemistry
906 _a009786
999 _c127224
_d127224